[Event "Youth Classic 2018 Juniors Open U18"]
[Site "Bad Soden-Neuenhain, Bürgerhau"]
[Date "2018.09.30"]
[Round "1.1"]
[White "Iliev, Mustafa Batuhan"]
[Black "Reichel, Björn"]
[Result "1-0"]
[WhiteElo "2046"]
[BlackElo "1484"]
[PlyCount "49"]
[EventDate "2018.??.??"]
[WhiteTeam "SV Großauheim"]
[BlackTeam "SV Ginsheim"]

1. e4 c5 2. Nf3 d6 3. d4 cxd4 4. Nxd4 Nf6 5. Nc3 g6 6. h3 Bg7 7. g3 Nc6 8. Nde2
Bd7 9. Bg2 a6 10. a4 O-O 11. O-O Qc8 12. Kh2 h6 13. Nd5 Nxd5 14. exd5 Nd8 15.
a5 Qc7 16. Ra2 b6 17. axb6 Qxb6 18. Be3 Qc7 19. Bd4 Nb7 20. Re1 Bb5 21. Bxg7
Kxg7 22. Nd4 Rfe8 23. b3 Qc5 24. Nxb5 axb5 25. Qa1+ 1-0

[Event "Youth Classic 2018 Juniors Open U18"]
[Site "Bad Soden-Neuenhain, Bürgerhau"]
[Date "2018.09.30"]
[Round "1.2"]
[White "Le, Tung Lam"]
[Black "Bajorski, Marius"]
[Result "0-1"]
[WhiteElo "1371"]
[BlackElo "2083"]
[PlyCount "86"]
[EventDate "2018.??.??"]
[WhiteTeam "SC Nied"]
[BlackTeam "SV Hofheim"]

1. e4 e5 2. Nf3 Nc6 3. Bb5 a6 4. Ba4 Nf6 5. O-O b5 6. Bb3 Be7 7. Re1 O-O 8. c3
d5 9. exd5 Nxd5 10. d4 exd4 11. Nxd4 Nxd4 12. Qxd4 Bb7 13. Nd2 c5 14. Qe4 Re8
15. Nf3 Bf6 16. Qf5 Rxe1+ 17. Nxe1 c4 18. Bc2 g6 19. Qe4 Qd7 20. Qf3 Re8 21.
Bd2 Bg7 22. Qh3 Qxh3 23. gxh3 f5 24. Ng2 Nf6 25. Re1 Be4 26. Bxe4 Rxe4 27. Rxe4
Nxe4 28. Be3 b4 29. cxb4 Bxb2 30. Ne1 Nc3 31. Nc2 Nxa2 32. Kf1 Kf7 33. Ke1 Ke6
34. f3 Kd5 35. h4 Bf6 36. Bg5 Bxg5 37. hxg5 c3 38. Ke2 Kc4 39. Kd1 Nxb4 40.
Nxb4 Kxb4 41. Kc2 a5 42. h4 a4 43. Kb1 Kb3 0-1

[Event "Youth Classic 2018 Juniors Open U18"]
[Site "Bad Soden-Neuenhain, Bürgerhau"]
[Date "2018.09.30"]
[Round "1.3"]
[White "Vakulenko, Oleksandr"]
[Black "Hegmann, Kolja"]
[Result "1-0"]
[WhiteElo "1999"]
[BlackElo "1614"]
[PlyCount "41"]
[EventDate "2018.??.??"]
[WhiteTeam "Gambit Kiew"]
[BlackTeam "TuS Makkabi"]

1. e4 e6 2. d4 d5 3. Nc3 c5 4. exd5 cxd4 5. Qxd4 Nc6 6. Bb5 a6 7. dxc6 axb5 8.
Qxd8+ Kxd8 9. c7+ Kxc7 10. Nxb5+ Kd8 11. Be3 Bd7 12. O-O-O Rxa2 13. Bb6+ Ke8
14. Nc7+ Ke7 15. Bc5+ Kd8 16. Bxf8 Nh6 17. Bxg7 Ng4 18. Bxh8 Nxf2 19. Nh3 Nxh1
20. Kb1 Ra8 21. Nxa8 1-0

[Event "Youth Classic 2018 Juniors Open U18"]
[Site "Bad Soden-Neuenhain, Bürgerhau"]
[Date "2018.09.30"]
[Round "1.4"]
[White "Gertel, Josef"]
[Black "Hagner, Bennet"]
[Result "0-1"]
[WhiteElo "1291"]
[BlackElo "1992"]
[PlyCount "66"]
[EventDate "2018.??.??"]
[WhiteTeam "SC Frankfurt-West"]
[BlackTeam "Frankfurter TV"]

1. e4 c5 2. Nf3 Nc6 3. Bb5 d6 4. Bxc6+ bxc6 5. O-O e5 6. Nc3 f5 7. exf5 Bxf5 8.
Re1 Be7 9. d3 Nf6 10. Ne4 O-O 11. Ng3 Bg4 12. Be3 Nd5 13. c4 Bxf3 14. gxf3 Nf4
15. Bxf4 exf4 16. Nf1 Bh4 17. Qe2 Qg5+ 18. Kh1 d5 19. Nd2 Rf6 20. Rg1 Qh5 21.
Rg2 Re8 22. Qf1 Rh6 23. Qg1 g6 24. Re1 Rxe1 25. Qxe1 Kf7 26. Kg1 a6 27. cxd5
cxd5 28. Qc1 Be7 29. Qc2 Qe5 30. Kf1 g5 31. Qc1 Re6 32. b3 Qe2+ 33. Kg1 Qxd3
0-1

[Event "Youth Classic 2018 Juniors Open U18"]
[Site "Bad Soden-Neuenhain, Bürgerhau"]
[Date "2018.09.30"]
[Round "1.5"]
[White "Stobbe, Frederik"]
[Black "Edelmann, Viktor"]
[Result "1-0"]
[WhiteElo "1863"]
[BlackElo "1399"]
[PlyCount "69"]
[EventDate "2018.??.??"]
[WhiteTeam "SC Bad Soden"]
[BlackTeam "SC Frankfurt-West"]

1. e4 e5 2. Bc4 Nf6 3. d3 Bc5 4. Nc3 d6 5. Na4 Bb4+ 6. c3 Ba5 7. b4 Bb6 8. Nxb6
axb6 9. Ne2 Qe7 10. O-O h6 11. f4 c6 12. Ng3 g6 13. fxe5 Qxe5 14. d4 Qe7 15. e5
Ng4 16. Bxf7+ Kd8 17. h3 h5 18. Ne4 Bf5 19. Bg5 Qxg5 20. Nxg5 Ne3 21. Qd2 Nxf1
22. Rxf1 Ke7 23. exd6+ Kxd6 24. Qf4+ Ke7 25. Qe5+ Kd7 26. Qxh8 Rxa2 27. Bxa2
Kc7 28. Qe5+ Kd7 29. Rxf5 gxf5 30. Qe6+ Kc7 31. Qe7+ Nd7 32. Ne6+ Kb8 33. Qxd7
Ka7 34. Nd8 Ka6 35. Bc4+ 1-0

[Event "Youth Classic 2018 Juniors Open U18"]
[Site "Bad Soden-Neuenhain, Bürgerhau"]
[Date "2018.09.30"]
[Round "1.6"]
[White "Lassek, Bjarne"]
[Black "Boder, Jan"]
[Result "0-1"]
[WhiteElo "1120"]
[BlackElo "1874"]
[PlyCount "64"]
[EventDate "2018.??.??"]
[WhiteTeam "SC Nied"]
[BlackTeam "SG Mörsdorf-Lahr"]

1. e4 c5 2. Nf3 Nc6 3. d4 cxd4 4. Nxd4 g6 5. Nc3 Bg7 6. Be3 Nf6 7. Bd3 O-O 8.
O-O d6 9. h3 Nd7 10. Bc4 Nde5 11. Qe2 Nxc4 12. Qxc4 Nxd4 13. Bxd4 Be6 14. Nd5
Rc8 15. Qd3 Bxd5 16. exd5 Bxd4 17. Qxd4 Rxc2 18. Rfc1 Qc7 19. Qe3 Rc8 20. Rxc2
Qxc2 21. Qxe7 Qxb2 22. Re1 Rc1 23. Rxc1 Qxc1+ 24. Kh2 Qf4+ 25. Kg1 Qb4 26. Kh2
a5 27. g4 b6 28. Kg3 Qc3+ 29. Kh4 h6 30. f4 Qd4 31. Kg3 Qd3+ 32. Kh4 Qf3 0-1

[Event "Youth Classic 2018 Juniors Open U18"]
[Site "Bad Soden-Neuenhain, Bürgerhau"]
[Date "2018.09.30"]
[Round "1.7"]
[White "Gallasch, Robin"]
[Black "Schubert, Ansgar"]
[Result "1-0"]
[WhiteElo "1822"]
[BlackElo "1116"]
[PlyCount "43"]
[EventDate "2018.??.??"]
[WhiteTeam "SG Porz"]
[BlackTeam "SC Bad Soden"]

1. d4 d5 2. c4 e6 3. Nc3 c5 4. cxd5 exd5 5. Nf3 Nf6 6. Bg5 Be6 7. e3 Nc6 8. Bb5
a6 9. Bxc6+ bxc6 10. O-O Be7 11. Ne5 Qc7 12. Qa4 Ng4 13. Bxe7 Nxe5 14. Bh4 Nd7
15. Bg3 Qb6 16. dxc5 Nxc5 17. Qd4 f6 18. Rac1 Nd7 19. Na4 Qxd4 20. exd4 Rc8 21.
Rc3 O-O 22. Rfc1 1-0

[Event "Youth Classic 2018 Juniors Open U18"]
[Site "Bad Soden-Neuenhain, Bürgerhau"]
[Date "2018.09.30"]
[Round "1.8"]
[White "Badan, Tarkan"]
[Black "Deppe, Leo Max"]
[Result "0-1"]
[WhiteElo "1112"]
[BlackElo "1895"]
[PlyCount "48"]
[EventDate "2018.??.??"]
[WhiteTeam "Frankfurter TV"]
[BlackTeam "SC Bad Soden"]

1. e4 d5 2. exd5 Nf6 3. Nc3 Nxd5 4. Nf3 Bg4 5. d4 e6 6. Bc4 c6 7. Bxd5 cxd5 8.
O-O Nc6 9. Qd3 Bd6 10. Re1 O-O 11. Ne5 Bf5 12. Qg3 Nxd4 13. Bh6 Bg6 14. Bf4
Bxe5 15. Rxe5 f6 16. Ree1 Nxc2 17. Rad1 Nxe1 18. Rxe1 e5 19. Bd2 d4 20. Ne4 Qd5
21. f3 Rac8 22. Qh3 Rc2 23. Bc1 Rfc8 24. Bd2 f5 0-1

[Event "Youth Classic 2018 Juniors Open U18"]
[Site "Bad Soden-Neuenhain, Bürgerhau"]
[Date "2018.09.30"]
[Round "1.9"]
[White "Schmohel, Andreas"]
[Black "Buchholz, Jan"]
[Result "1-0"]
[WhiteElo "1825"]
[BlackElo "994"]
[PlyCount "61"]
[EventDate "2018.??.??"]
[WhiteTeam "SC Viernheim"]
[BlackTeam "SK Langen"]

1. d4 d5 2. c4 Nf6 3. cxd5 Nxd5 4. e4 Nf6 5. Nc3 Nbd7 6. e5 Nxe5 7. dxe5 Qxd1+
8. Nxd1 Nd7 9. Nf3 g6 10. Nc3 Bg7 11. Bf4 c6 12. Bc4 e6 13. O-O O-O 14. Rad1 b5
15. Bd3 Nc5 16. Ne4 Nxd3 17. Rxd3 a5 18. Rfd1 b4 19. Nc5 Ba6 20. Nxa6 Rxa6 21.
Rd8 Ra8 22. Bg5 h6 23. Rxa8 Rxa8 24. Rd8+ Rxd8 25. Bxd8 a4 26. b3 axb3 27. axb3
Kf8 28. Ba5 Ke8 29. Bxb4 f5 30. Bd6 Kd7 31. Kf1 1-0

[Event "Youth Classic 2018 Juniors Open U18"]
[Site "Bad Soden-Neuenhain, Bürgerhau"]
[Date "2018.09.30"]
[Round "1.10"]
[White "Rakhletskyy, Bohdan"]
[Black "Lange, Lars"]
[Result "0-1"]
[WhiteElo "796"]
[BlackElo "1848"]
[PlyCount "48"]
[EventDate "2018.??.??"]
[WhiteTeam "SC Nied"]
[BlackTeam "Sfr. Kelkheim"]

1. e4 c5 2. Nf3 d6 3. Bb5+ Bd7 4. Bc4 Nc6 5. b3 Nf6 6. Ng5 e6 7. d3 h6 8. Nf3
a6 9. O-O b5 10. Bxe6 Bxe6 11. Bb2 Be7 12. Re1 O-O 13. e5 dxe5 14. Nxe5 Nxe5
15. Bxe5 Bd6 16. Bc3 Re8 17. Nd2 Bd5 18. h3 Rxe1+ 19. Qxe1 Qe7 20. Qd1 Re8 21.
Nf3 b4 22. Bb2 Bxf3 23. Qxf3 Qe1+ 24. Rxe1 Rxe1# 0-1

[Event "Youth Classic 2018 Juniors Open U18"]
[Site "Bad Soden-Neuenhain, Bürgerhau"]
[Date "2018.09.30"]
[Round "1.11"]
[White "Karl, Florian"]
[Black "Wagner, Valerian"]
[Result "1-0"]
[WhiteElo "1608"]
[BlackElo "773"]
[PlyCount "101"]
[EventDate "2018.??.??"]
[WhiteTeam "SK Langen"]
[BlackTeam "SC Bad Soden"]

1. d4 d5 2. c4 dxc4 3. Nc3 Nf6 4. e3 Bg4 5. Qa4+ Nc6 6. Bxc4 e6 7. Nge2 Bd6 8.
O-O O-O 9. f3 Bh5 10. Rd1 Nb4 11. a3 Nbd5 12. Qb3 b6 13. e4 Nxc3 14. Nxc3 c5
15. Be3 Qe7 16. e5 cxd4 17. exd6 Qxd6 18. Bxd4 Nd5 19. Nxd5 exd5 20. Bxd5 Rad8
21. Be4 Bg6 22. Bxg6 hxg6 23. Bf2 Qf4 24. Rxd8 Rxd8 25. Rd1 Rxd1+ 26. Qxd1 Qc4
27. Qd8+ Kh7 28. Qh4+ Qxh4 29. Bxh4 Kg8 30. Kf2 Kf8 31. Ke3 Ke8 32. Kd4 Kd7 33.
Kd5 Kc7 34. Bg3+ Kb7 35. Kd6 a5 36. Ke7 Kc6 37. Kxf7 g5 38. Kxg7 Kb5 39. Kg6
Kc4 40. Kxg5 Kd4 41. h4 Kd3 42. h5 Kc2 43. Be5 b5 44. h6 b4 45. axb4 axb4 46.
h7 b3 47. h8=Q Kd3 48. Qd8+ Ke3 49. Qd4+ Ke2 50. Bg3 Kf1 51. Qf2# 1-0

[Event "Youth Classic 2018 Juniors Open U18"]
[Site "Bad Soden-Neuenhain, Bürgerhau"]
[Date "2018.09.30"]
[Round "2.1"]
[White "Boder, Jan"]
[Black "Iliev, Mustafa Batuhan"]
[Result "1/2-1/2"]
[WhiteElo "1874"]
[BlackElo "2046"]
[PlyCount "35"]
[EventDate "2018.??.??"]
[WhiteTeam "SG Mörsdorf-Lahr"]
[BlackTeam "SV Großauheim"]

1. c4 f5 2. g3 g6 3. Bg2 Bg7 4. Nc3 Nf6 5. e3 e5 6. Nge2 O-O 7. O-O d6 8. d3
Nbd7 9. f4 c6 10. Bd2 Nc5 11. Qc2 a5 12. Na4 Nxa4 13. Qxa4 exf4 14. Nxf4 Re8
15. Rae1 Nd7 16. b4 Nb6 17. Qb3 a4 18. Qc2 1/2-1/2

[Event "Youth Classic 2018 Juniors Open U18"]
[Site "Bad Soden-Neuenhain, Bürgerhau"]
[Date "2018.09.30"]
[Round "2.2"]
[White "Bajorski, Marius"]
[Black "Gallasch, Robin"]
[Result "1/2-1/2"]
[WhiteElo "2083"]
[BlackElo "1822"]
[PlyCount "99"]
[EventDate "2018.??.??"]
[WhiteTeam "SV Hofheim"]
[BlackTeam "SG Porz"]

1. e4 c6 2. d4 d5 3. Nc3 dxe4 4. Nxe4 Bf5 5. Ng3 Bg6 6. h4 h6 7. Nf3 Nd7 8. h5
Bh7 9. Bd3 Bxd3 10. Qxd3 e6 11. Bd2 Ngf6 12. O-O-O Be7 13. Kb1 O-O 14. Ne4 c5
15. Bc3 Qb6 16. Ned2 Rac8 17. Nc4 Qa6 18. Nfe5 b5 19. Nxd7 bxc4 20. Nxf6+ Bxf6
21. Qe3 cxd4 22. Bxd4 Bxd4 23. Rxd4 c3 24. b3 Qa3 25. Qc1 Qc5 26. Rg4 Kh7 27.
f4 Rfd8 28. Rh3 f5 29. Rgg3 Qb4 30. Rd3 Rxd3 31. Rxd3 Qe4 32. g3 Rc6 33. Qf1
Qb4 34. Qf3 Rc7 35. Qe3 Qb6 36. Rxc3 Rxc3 37. Qxc3 Qg1+ 38. Kb2 Qh2 39. Qe3
Qxh5 40. Qxa7 Qf3 41. Qg1 g5 42. fxg5 hxg5 43. a4 f4 44. gxf4 Qxf4 45. Qa7+ Kg6
46. a5 g4 47. a6 Qe5+ 48. Ka3 Qa5+ 49. Kb2 Qe5+ 50. Ka3 1/2-1/2

[Event "Youth Classic 2018 Juniors Open U18"]
[Site "Bad Soden-Neuenhain, Bürgerhau"]
[Date "2018.09.30"]
[Round "2.3"]
[White "Deppe, Leo Max"]
[Black "Vakulenko, Oleksandr"]
[Result "1/2-1/2"]
[WhiteElo "1895"]
[BlackElo "1999"]
[PlyCount "62"]
[EventDate "2018.??.??"]
[WhiteTeam "SC Bad Soden"]
[BlackTeam "Gambit Kiew"]

1. d4 Nf6 2. c4 e6 3. Nc3 Bb4 4. e3 b6 5. Nge2 Bb7 6. a3 Be7 7. b4 O-O 8. Nf4
d6 9. Bd3 c5 10. O-O Nbd7 11. Bb2 Rc8 12. Re1 e5 13. Nfd5 Re8 14. dxc5 dxc5 15.
Bf5 Rc6 16. Qf3 Nxd5 17. Nxd5 Bf8 18. Qh3 Rh6 19. Qf3 Ba8 20. e4 Bxd5 21. exd5
cxb4 22. axb4 Bxb4 23. Re4 a5 24. Bxd7 Qxd7 25. Rxe5 Rxe5 26. Bxe5 Bd6 27. Bxd6
Qxd6 28. g3 Rf6 29. Qe3 g6 30. Re1 Qb4 31. Qe5 Qd6 1/2-1/2

[Event "Youth Classic 2018 Juniors Open U18"]
[Site "Bad Soden-Neuenhain, Bürgerhau"]
[Date "2018.09.30"]
[Round "2.4"]
[White "Hagner, Bennet"]
[Black "Schmohel, Andreas"]
[Result "1-0"]
[WhiteElo "1992"]
[BlackElo "1825"]
[PlyCount "61"]
[EventDate "2018.??.??"]
[WhiteTeam "Frankfurter TV"]
[BlackTeam "SC Viernheim"]

1. e4 e5 2. Nf3 Nc6 3. d4 exd4 4. Bc4 Nf6 5. O-O Nxe4 6. Re1 d5 7. Bxd5 Qxd5 8.
Nc3 Qh5 9. Nxe4 Be6 10. Bg5 h6 11. Bf6 Qd5 12. b3 Bb4 13. Bxg7 O-O-O 14. c3
dxc3 15. Bxh8 Rxh8 16. Qxd5 Bxd5 17. a3 Ba5 18. b4 Bb6 19. Rad1 Be6 20. Nxc3
Bg4 21. Rd3 Rg8 22. Nd5 Rd8 23. Nxb6+ axb6 24. Rxd8+ Kxd8 25. Ne5 Bh5 26. Nxc6+
bxc6 27. f4 Kd7 28. h3 Bg6 29. g4 Bc2 30. Re2 Bb3 31. Re5 1-0

[Event "Youth Classic 2018 Juniors Open U18"]
[Site "Bad Soden-Neuenhain, Bürgerhau"]
[Date "2018.09.30"]
[Round "2.5"]
[White "Lange, Lars"]
[Black "Stobbe, Frederik"]
[Result "1-0"]
[WhiteElo "1848"]
[BlackElo "1863"]
[PlyCount "75"]
[EventDate "2018.??.??"]
[WhiteTeam "Sfr. Kelkheim"]
[BlackTeam "SC Bad Soden"]

1. d4 d5 2. c4 e6 3. Nc3 Be7 4. Nf3 Nf6 5. Bf4 O-O 6. e3 c6 7. c5 b6 8. b4 a5
9. a3 Ba6 10. Bxa6 Nxa6 11. Ne5 Rc8 12. Qa4 b5 13. Qb3 Nd7 14. O-O Nxe5 15.
Bxe5 f6 16. Bg3 Qd7 17. a4 axb4 18. Na2 Ra8 19. axb5 cxb5 20. Nxb4 Nxb4 21.
Qxb4 Qc6 22. Rfb1 Ra4 23. Rxa4 bxa4 24. Qb6 Rc8 25. Qxc6 Rxc6 26. Rb6 Rxb6 27.
cxb6 e5 28. dxe5 Bc5 29. b7 Ba7 30. exf6 a3 31. fxg7 a2 32. Be5 h6 33. Bc3 Bb8
34. h3 Ba7 35. Kf1 d4 36. Bxd4 Bxd4 37. b8=Q+ Kxg7 38. Qb7+ 1-0

[Event "Youth Classic 2018 Juniors Open U18"]
[Site "Bad Soden-Neuenhain, Bürgerhau"]
[Date "2018.09.30"]
[Round "2.6"]
[White "Reichel, Björn"]
[Black "Karl, Florian"]
[Result "0-1"]
[WhiteElo "1484"]
[BlackElo "1608"]
[PlyCount "52"]
[EventDate "2018.??.??"]
[WhiteTeam "SV Ginsheim"]
[BlackTeam "SK Langen"]

1. d4 d5 2. Nf3 g6 3. Bf4 Bg7 4. c3 Nf6 5. e3 Bf5 6. Bd3 Bxd3 7. Qxd3 O-O 8.
Nbd2 e6 9. Ne5 Nh5 10. Bg3 Nd7 11. Ndf3 c6 12. Nxd7 Qxd7 13. Ne5 Qe7 14. f4
Rac8 15. e4 dxe4 16. Qxe4 Nxg3 17. hxg3 c5 18. dxc5 Rxc5 19. O-O-O Bxe5 20.
fxe5 Qg5+ 21. Kc2 Rxe5 22. Qxb7 Re2+ 23. Kb3 Qxg3 24. Qxa7 Qxg2 25. Qd4 Rxb2+
26. Kc4 Rc8+ 0-1

[Event "Youth Classic 2018 Juniors Open U18"]
[Site "Bad Soden-Neuenhain, Bürgerhau"]
[Date "2018.09.30"]
[Round "2.7"]
[White "Schubert, Ansgar"]
[Black "Le, Tung Lam"]
[Result "1-0"]
[WhiteElo "1116"]
[BlackElo "1371"]
[PlyCount "77"]
[EventDate "2018.??.??"]
[WhiteTeam "SC Bad Soden"]
[BlackTeam "SC Nied"]

1. e4 c5 2. Nf3 e6 3. d4 cxd4 4. Nxd4 Nc6 5. Bc4 Nf6 6. Nc3 Be7 7. O-O O-O 8.
Re1 d5 9. Bb5 a6 10. Bxc6 bxc6 11. Nxc6 Qc7 12. Nxe7+ Qxe7 13. exd5 Qd6 14.
dxe6 Qxd1 15. exf7+ Kxf7 16. Rxd1 Bf5 17. Bg5 Bxc2 18. Rd2 Bf5 19. Bxf6 Kxf6
20. Rd4 Rfd8 21. Rf4 g5 22. Rf3 Kg6 23. Re1 Rd2 24. Re2 Rxe2 25. Nxe2 Bg4 26.
Re3 Rd8 27. Nc3 Rd2 28. f3 Bd7 29. Re2 Rd6 30. Re1 Bc6 31. Rd1 Re6 32. Ne4 Bxe4
33. fxe4 Kf6 34. Kf2 Ke5 35. Ke3 Rb6 36. b3 Rb5 37. Rd7 h6 38. Rf7 Ke6 39. Rh7
1-0

[Event "Youth Classic 2018 Juniors Open U18"]
[Site "Bad Soden-Neuenhain, Bürgerhau"]
[Date "2018.09.30"]
[Round "2.8"]
[White "Hegmann, Kolja"]
[Black "Badan, Tarkan"]
[Result "0-1"]
[WhiteElo "1614"]
[BlackElo "1112"]
[PlyCount "78"]
[EventDate "2018.??.??"]
[WhiteTeam "TuS Makkabi"]
[BlackTeam "Frankfurter TV"]

1. e4 e5 2. Nf3 Nc6 3. d4 exd4 4. Nxd4 Bc5 5. Be3 Qf6 6. c3 Nge7 7. Bb5 O-O 8.
O-O d6 9. Nxc6 bxc6 10. Bxc5 cxb5 11. Bd4 Qg6 12. Qe2 c5 13. Be3 a6 14. Nd2 Bb7
15. Bf4 Rad8 16. f3 Qf6 17. Qe3 h6 18. Nb3 Ng6 19. Bg3 Rfe8 20. Na5 Ba8 21. Qf2
Rb8 22. c4 b4 23. Rfd1 Rbd8 24. a3 bxa3 25. Rxa3 Qe6 26. Rad3 Ne5 27. Bxe5 Qxe5
28. Nb3 Rb8 29. Qc2 Red8 30. Qd2 Rb6 31. Re1 Rdb8 32. f4 Qe7 33. Qe3 Bxe4 34.
Qxe4 Qxe4 35. Rxe4 Rxb3 36. Rxd6 Rxb2 37. Rxa6 Rc2 38. h3 Rbb2 39. g4 Rb1+ 0-1

[Event "Youth Classic 2018 Juniors Open U18"]
[Site "Bad Soden-Neuenhain, Bürgerhau"]
[Date "2018.09.30"]
[Round "2.9"]
[White "Buchholz, Jan"]
[Black "Gertel, Josef"]
[Result "1-0"]
[WhiteElo "994"]
[BlackElo "1291"]
[PlyCount "115"]
[EventDate "2018.??.??"]
[WhiteTeam "SK Langen"]
[BlackTeam "SC Frankfurt-West"]

1. d4 Nc6 2. c4 Nf6 3. Nf3 d5 4. Nc3 Bg4 5. Bg5 h6 6. Bh4 e6 7. e3 Be7 8. Bd3
Nh5 9. Bxe7 Qxe7 10. h3 Bxf3 11. Qxf3 Nf6 12. cxd5 exd5 13. Nxd5 Nxd5 14. Qxd5
O-O 15. O-O Rad8 16. Qf3 Qg5 17. Be4 Rd6 18. Rac1 Rf6 19. Qd1 Re8 20. Bb1 Qb5
21. Qc2 g6 22. Qc3 Re7 23. Bd3 Qb6 24. b3 Nb4 25. Bb1 Nd5 26. Qd2 Qd6 27. Rfe1
c6 28. e4 Qf4 29. Qxf4 Nxf4 30. e5 Rfe6 31. g3 Nxh3+ 32. Kg2 Ng5 33. f3 Re8 34.
f4 Nh7 35. f5 gxf5 36. Bxf5 R6e7 37. Rh1 Kg7 38. Rh2 f6 39. Rch1 fxe5 40. Rxh6
Ng5 41. Rg6+ Kf7 42. Rxg5 Kf6 43. Rhh5 exd4 44. Rg6+ Kf7 45. Rh7+ Kf8 46. Rxe7
Rxe7 47. Re6 Rxe6 48. Bxe6 c5 49. Bc4 b6 50. g4 Kg7 51. Kh3 a5 52. Kh4 Kh6 53.
g5+ Kg7 54. Kh5 Kh7 55. g6+ Kg7 56. a3 Kh8 57. Kh6 b5 58. g7# 1-0

[Event "Youth Classic 2018 Juniors Open U18"]
[Site "Bad Soden-Neuenhain, Bürgerhau"]
[Date "2018.09.30"]
[Round "2.10"]
[White "Edelmann, Viktor"]
[Black "Rakhletskyy, Bohdan"]
[Result "1/2-1/2"]
[WhiteElo "1399"]
[BlackElo "796"]
[PlyCount "62"]
[EventDate "2018.??.??"]
[WhiteTeam "SC Frankfurt-West"]
[BlackTeam "SC Nied"]

1. e4 e5 2. Nf3 Nf6 3. Nc3 Nc6 4. Bb5 a6 5. Bxc6 dxc6 6. Nxe5 Bc5 7. Nf3 O-O 8.
h3 b5 9. d3 Be6 10. a3 h6 11. g4 a5 12. g5 Nd7 13. gxh6 g6 14. h4 Bg4 15. Rg1
Ne5 16. Rg3 Bxf3 17. Rxf3 Nxf3+ 18. Qxf3 Qxh4 19. Bd2 Be7 20. O-O-O b4 21. Ne2
bxa3 22. bxa3 Rab8 23. Bc3 Qxh6+ 24. Nf4 Bd6 25. Rh1 Bxf4+ 26. Kd1 Rb1+ 27. Ke2
Qxh1 28. Qxf4 Qd1+ 29. Ke3 Qxc2 30. Qf6 Qc1+ 31. Kf3 Qh1+ 1/2-1/2

[Event "Youth Classic 2018 Juniors Open U18"]
[Site "Bad Soden-Neuenhain, Bürgerhau"]
[Date "2018.10.01"]
[Round "3.1"]
[White "Karl, Florian"]
[Black "Hagner, Bennet"]
[Result "0-1"]
[WhiteElo "1608"]
[BlackElo "1992"]
[PlyCount "78"]
[EventDate "2018.??.??"]
[WhiteTeam "SK Langen"]
[BlackTeam "Frankfurter TV"]

1. d4 Nf6 2. c4 c5 3. e3 cxd4 4. exd4 d5 5. Nc3 Nc6 6. Nf3 Bg4 7. cxd5 Nxd5 8.
Be2 e6 9. O-O Bb4 10. Nxd5 Qxd5 11. Be3 O-O 12. Qa4 b5 13. Bxb5 Bxf3 14. gxf3
Nxd4 15. Bxd4 Qxd4 16. Rfd1 Qf4 17. Rd7 Rab8 18. Be2 Rfd8 19. Rad1 Rxd7 20.
Qxd7 Bc5 21. b3 Qg5+ 22. Kh1 Bxf2 23. Qc7 Rf8 24. Qc6 Rd8 25. Bc4 Bb6 26. Rxd8+
Qxd8 27. a4 g6 28. Qe4 Qg5 29. Qg4 Qc1+ 30. Kg2 h5 31. Qh4 Kg7 32. Qe7 Qd2+ 33.
Kh3 Qf4 34. Kg2 h4 35. Bxe6 h3+ 36. Bxh3 Qd2+ 37. Kg3 Qf2+ 38. Kg4 Qg1+ 39. Kf4
Bc7+ 0-1

[Event "Youth Classic 2018 Juniors Open U18"]
[Site "Bad Soden-Neuenhain, Bürgerhau"]
[Date "2018.10.01"]
[Round "3.2"]
[White "Iliev, Mustafa Batuhan"]
[Black "Lange, Lars"]
[Result "0-1"]
[WhiteElo "2046"]
[BlackElo "1848"]
[PlyCount "112"]
[EventDate "2018.??.??"]
[WhiteTeam "SV Großauheim"]
[BlackTeam "Sfr. Kelkheim"]

1. e4 c5 2. Nf3 d6 3. d4 cxd4 4. Nxd4 Nf6 5. Nc3 a6 6. Be2 e5 7. Nb3 Be7 8. Be3
O-O 9. O-O Nbd7 10. a4 b6 11. Qd2 Bb7 12. f3 Qc7 13. Rfd1 Rfd8 14. Rac1 Nc5 15.
a5 b5 16. Nd5 Nxd5 17. exd5 Nxb3 18. cxb3 Qd7 19. Rc3 Rdc8 20. Rdc1 Bd8 21. b4
f5 22. Bd1 Rxc3 23. bxc3 Rc8 24. Bb3 f4 25. Bf2 Qf5 26. Bc2 Qf7 27. Bb3 Qf5 28.
Bc2 Qf7 29. Qd3 g5 30. Bb3 Qg6 31. Qxg6+ hxg6 32. h3 Kf7 33. Kf1 Bf6 34. c4
Bxd5 35. Rd1 bxc4 36. Bc2 Ke6 37. Bxg6 Bc6 38. Ke1 Ba4 39. Rc1 d5 40. Bh5 Rb8
41. Bc5 Be7 42. Ra1 Bb3 43. Bg4+ Kf6 44. Kd2 d4 45. h4 gxh4 46. Rh1 Rh8 47.
Bxe7+ Kxe7 48. b5 axb5 49. a6 c3+ 50. Kd3 Ra8 51. Ra1 Be6 52. Bxe6 Kxe6 53. Ke4
b4 54. Kd3 b3 55. Ra5 b2 56. Kc2 d3+ 0-1

[Event "Youth Classic 2018 Juniors Open U18"]
[Site "Bad Soden-Neuenhain, Bürgerhau"]
[Date "2018.10.01"]
[Round "3.3"]
[White "Vakulenko, Oleksandr"]
[Black "Bajorski, Marius"]
[Result "1-0"]
[WhiteElo "1999"]
[BlackElo "2083"]
[PlyCount "53"]
[EventDate "2018.??.??"]
[WhiteTeam "Gambit Kiew"]
[BlackTeam "SV Hofheim"]

1. e4 e6 2. d4 d5 3. e5 c5 4. f4 Nc6 5. Nf3 Bd7 6. a3 Qb6 7. Bd3 Nh6 8. O-O Be7
9. Kh1 Nxd4 10. Nxd4 cxd4 11. Qe2 Nf5 12. Nd2 a6 13. a4 Rc8 14. Nb3 O-O 15. Rf3
f6 16. Rh3 Be8 17. g4 Nh6 18. exf6 Bxf6 19. g5 Bxg5 20. fxg5 Nf5 21. Bf4 g6 22.
Be5 Bxa4 23. Rxa4 Ne3 24. Bxd4 Qxb3 25. Qxe3 Rxc2 26. Bxc2 Qxc2 27. Ra1 1-0

[Event "Youth Classic 2018 Juniors Open U18"]
[Site "Bad Soden-Neuenhain, Bürgerhau"]
[Date "2018.10.01"]
[Round "3.4"]
[White "Gallasch, Robin"]
[Black "Boder, Jan"]
[Result "0-1"]
[WhiteElo "1822"]
[BlackElo "1874"]
[PlyCount "86"]
[EventDate "2018.??.??"]
[WhiteTeam "SG Porz"]
[BlackTeam "SG Mörsdorf-Lahr"]

1. d4 Nf6 2. c4 c5 3. d5 b5 4. cxb5 a6 5. bxa6 Bxa6 6. Nc3 g6 7. Nf3 Bg7 8. e4
Bxf1 9. Kxf1 d6 10. g3 O-O 11. Kg2 Nbd7 12. Qe2 Qa5 13. Bd2 Rfb8 14. Rhb1 Qa6
15. Qd1 Ng4 16. a4 Rb7 17. Nb5 Nb6 18. b3 Bxa1 19. Rxa1 Nxd5 20. exd5 Rxb5 21.
Rc1 Rb7 22. Bc3 Rab8 23. Ng5 Nf6 24. b4 Rxb4 25. Bxb4 Rxb4 26. Rb1 Qxa4 27. Qe2
Rxb1 28. Qxe7 Qe8 29. Qxf6 h6 30. Nf3 Qe4 31. Qxd6 Rb3 32. Qf6 Qxd5 33. h4 c4
34. h5 gxh5 35. Qf4 Qxf3+ 36. Qxf3 Rxf3 37. Kxf3 Kg7 38. Ke4 Kg6 39. Kd4 Kg5
40. Kxc4 Kg4 41. Kd4 Kf3 42. Ke5 Kxf2 43. Kf4 Kg2 0-1

[Event "Youth Classic 2018 Juniors Open U18"]
[Site "Bad Soden-Neuenhain, Bürgerhau"]
[Date "2018.10.01"]
[Round "3.6"]
[White "Schmohel, Andreas"]
[Black "Schubert, Ansgar"]
[Result "1-0"]
[WhiteElo "1825"]
[BlackElo "1116"]
[PlyCount "65"]
[EventDate "2018.??.??"]
[WhiteTeam "SC Viernheim"]
[BlackTeam "SC Bad Soden"]

1. d4 d5 2. c4 e6 3. Nc3 c5 4. cxd5 exd5 5. Nf3 Nf6 6. g3 Nc6 7. Bg2 Bg4 8. Ne5
cxd4 9. Nxc6 bxc6 10. Qxd4 h6 11. O-O Be7 12. e4 dxe4 13. Qa4 Qc7 14. Bf4 Bd6
15. Bxd6 Qxd6 16. Nxe4 Nxe4 17. Qxe4+ Be6 18. Qxc6+ Ke7 19. Qxd6+ Kxd6 20. Bxa8
Rxa8 21. Rfd1+ Ke7 22. Rac1 Bxa2 23. Rc7+ Kf8 24. Ra1 Be6 25. Rcxa7 Rc8 26. Ra8
Ke7 27. R1a7+ Kf6 28. Rxc8 Bxc8 29. f4 Bg4 30. b4 Be2 31. Kf2 Bc4 32. Ke3 Kf5
33. b5 1-0